[Event "West Wales Open 2013"]
[Site "?"]
[Date "2023.11.10"]
[Round "1"]
[White "Mcghee, David"]
[Black "Jukes, Sam"]
[Result "1/2-1/2"]
[WhiteElo "1524"]
[BlackElo "1884"]
[PlyCount "122"]
[SourceVersionDate "2023.12.05"]

1. e4 c5 2. c3 Nf6 3. e5 Nd5 4. Nf3 Nc6 5. d4 cxd4 6. cxd4 d6 7. Bc4 Nb6 8. Bb5 Bd7 9. Nc3 e6 10. O-O dxe5 11. Bxc6 Bxc6 12. Nxe5 Be7 13. Nxc6 bxc6 14. Qf3 Nd5 15. Ne4 O-O 16. a3 Qb6 17. Rd1 a5 18. Qg3 Qb8 19. Qf3 a4 20. Rd3 Ra5 21. b4 axb3 22. Rxb3 Qa7 23. Nc5 Bxc5 24. dxc5 Qxc5 25. a4 Rxa4 26. Ba3 Qc2 27. g3 Rfa8 28. Rab1 h6 29. Bd6 Ra1 30. Rb8+ Rxb8 31. Rxa1 Rb1+ 32. Rxb1 Qxb1+ 33. Kg2 Qc2 34. Qa3 Qe4+ 35. Kg1 Nf6 36. Bc5 h5 37. h4 Kh7 38. Qa7 Kg6 39. Qe7 Kf5 40. Qxf7 g6 41. Qf8 Qf3 42. Be3 Qd5 43. Qh6 Qd1+ 44. Kg2 Qd5+ 45. Kg1 Qd1+ 46. Kg2 Qd5+ 47. f3 e5 48. Qg5+ Ke6 49. Qxg6 c5 50. Bg5 Qd8 51. Qxh5 Nxh5 52. Bxd8 c4 53. Ba5 Nf6 54. Kf2 e4 55. Ke3 exf3 56. Kxf3 Nd5 57. Ke4 Ne7 58. Be1 Nf5 59. g4 Nd6+ 60. Kd4 Nf7 61. Kxc4 Ne5+ 1/2-1/2

[Event "West Wales Open 2023"]
[Site "?"]
[Date "2023.11.10"]
[Round "1"]
[White "Bevan, Peter M"]
[Black "Golley, Andrew"]
[Result "1-0"]
[WhiteElo "1858"]
[BlackElo "1428"]
[PlyCount "59"]
[SourceVersionDate "2023.12.05"]

1. d4 Nf6 2. c4 g6 3. Nc3 Bg7 4. e4 d6 5. f3 O-O 6. Be3 Nbd7 7. Nge2 e5 8. d5 a5 9. Nc1 Nc5 10. Nd3 Nfd7 11. Qd2 f5 12. Bg5 Bf6 13. Bxf6 Nxf6 14. Nxc5 dxc5 15. O-O-O a4 16. d6 c6 17. Qe3 Qb6 18. exf5 a3 19. b3 Bxf5 20. g4 Bxg4 21. fxg4 Nxg4 22. Qg3 Nf2 23. Bh3 Rae8 24. Bd7 Nxh1 25. Rxh1 Rd8 26. Be6+ Kg7 27. Qxe5+ Kh6 28. Ne4 Qb4 29. Rd1 b5 30. Nf6 1-0

[Event "West Wales Open 2023"]
[Site "?"]
[Date "2023.11.10"]
[Round "1"]
[White "Mackenzie, Archibald"]
[Black "Williams, Duncan"]
[Result "0-1"]
[WhiteElo "1375"]
[BlackElo "1831"]
[PlyCount "73"]
[SourceVersionDate "2023.12.05"]

1. d4 d5 2. c4 c6 3. cxd5 cxd5 4. Nc3 Nc6 5. Nf3 Nf6 6. Bf4 a6 7. e3 Bf5 8. a3 e6 9. h3 Be7 10. Ne5 O-O 11. Nxc6 bxc6 12. Be2 c5 13. dxc5 Bxc5 14. O-O Re8 15. Be5 Nd7 16. Bg3 Bf8 17. Bd3 Bxd3 18. Qxd3 Nc5 19. Qd1 Qf6 20. Qh5 Nd3 21. Qe2 Ne5 22. b4 Nc4 23. Qd3 Rec8 24. Rfc1 Rc6 25. Ne2 Rd8 26. Nd4 Rcc8 27. Nf3 h6 28. Nd2 Qb2 29. Nxc4 Rxc4 30. Rcb1 Qf6 31. Ra2 Rdc8 32. Kh2 h5 33. f4 h4 34. Bf2 g5 35. g3 Bd6 36. gxh4 gxh4 37. Rg1+ 0-1

[Event "West Wales Open 2023"]
[Site "?"]
[Date "2023.11.10"]
[Round "1"]
[White "Wells, Thomas"]
[Black "Harakis, Alexis"]
[Result "0-1"]
[WhiteElo "1742"]
[BlackElo "2264"]
[PlyCount "128"]
[EventDate "2023.??.??"]
[SourceVersionDate "2023.11.23"]

1. c4 e6 2. g3 d5 3. Nf3 dxc4 4. Qa4+ Nd7 5. Bg2 a6 6. Qxc4 c5 7. d4 b5 8. Qc2 Bb7 9. dxc5 Bxc5 10. O-O Rc8 11. Qd3 Ngf6 12. Nc3 Qb6 13. b3 Bxf2+ 14. Rxf2 Rxc3 15. Qxc3 Qxf2+ 16. Kxf2 Ne4+ 17. Kf1 Nxc3 18. Bb2 Nd5 19. Bxg7 Rg8 20. Bd4 Nb4 21. Bf2 Ke7 22. a3 Nc2 23. Ra2 Rc8 24. Nd4 Bxg2+ 25. Kxg2 Nxd4 26. Bxd4 e5 27. Be3 Rc3 28. Bd2 Rxb3 29. Bb4+ Ke6 30. Rd2 Nf6 31. Rd6+ Kf5 32. Rxa6 Rb2 33. Kf1 Nd5 34. Ra7 Kg6 35. Bd6 Ne3+ 36. Ke1 Rb1+ 37. Kf2 Ng4+ 38. Kg2 Kf5 39. h3 Ne3+ 40. Kf3 Rb3 41. Kf2 Ke4 42. Bc5 Nd1+ 43. Ke1 Nc3 44. Rxf7 Rb2 45. e3 Nd5 46. Rxh7 Nxe3 47. Bxe3 Kxe3 48. Kf1 Rf2+ 49. Kg1 e4 50. h4 Ra2 51. Rb7 Kf3 52. Rxb5 Ra1+ 53. Kh2 e3 54. Rf5+ Ke4 55. Rf8 e2 56. Re8+ Kf3 57. Rf8+ Kg4 58. Rg8+ Kh5 59. Rg5+ Kh6 60. Re5 e1=Q 61. Rxe1 Rxe1 62. Kh3 Re3 63. Kg4 Rxa3 64. Kf4 Ra4+ 0-1

[Event "West Wales Open 2023"]
[Site "?"]
[Date "2023.11.10"]
[Round "1"]
[White "Binks, Michael"]
[Black "Jones, Steve"]
[Result "1-0"]
[WhiteElo "2081"]
[BlackElo "1673"]
[PlyCount "101"]
[EventDate "2023.??.??"]
[SourceVersionDate "2023.11.23"]

1. d4 Nf6 2. c4 e5 3. d5 Bc5 4. Nc3 d6 5. Nf3 O-O 6. Bg5 Bf5 7. e3 Nbd7 8. Bd3 Bxd3 9. Qxd3 Qe8 10. Nd2 Bb6 11. O-O h6 12. Bh4 Nh7 13. e4 f5 14. exf5 Qh5 15. Bg3 Rxf5 16. b4 Bd4 17. Rac1 Raf8 18. Nb3 Bxc3 19. Rxc3 Nhf6 20. Nd2 b6 21. Re1 Ng4 22. f3 Ngf6 23. Ra3 Ra8 24. Bf2 Qg6 25. g4 Rg5 26. Qxg6 Rxg6 27. h3 Kf7 28. Kf1 h5 29. Be3 hxg4 30. hxg4 Nh7 31. Ke2 Ng5 32. Rh1 Nf6 33. Rh5 Nxf3 34. Nxf3 Nxh5 35. gxh5 Rg2+ 36. Kd3 Rg4 37. Ng5+ Kf6 38. Ne6 c5 39. Nc7 Rh8 40. Rxa7 e4+ 41. Ke2 Rg2+ 42. Kd1 Rf8 43. Ne6 Rh8 44. Nf4 Rb2 45. bxc5 bxc5 46. Bd2 Kf5 47. Rf7+ Kg4 48. Rxg7+ Kf3 49. Ne2 Rxh5 50. Rg3+ Kf2 51. Be3+ 1-0

[Event "West Wales Open 2023"]
[Site "?"]
[Date "2023.11.10"]
[Round "1"]
[White "Sipho, Donovan"]
[Black "Wells, Daniel"]
[Result "0-1"]
[WhiteElo "1672"]
[BlackElo "1997"]
[PlyCount "50"]
[EventDate "2023.??.??"]
[SourceVersionDate "2023.12.03"]

1. c4 Nf6 2. Nc3 g6 3. g3 Bg7 4. Bg2 O-O 5. d4 d6 6. e4 Nbd7 7. Nf3 e5 8. d5 Nc5 9. Qc2 a5 10. Be3 b6 11. O-O Ng4 12. Bxc5 bxc5 13. h3 Nh6 14. Nd2 f5 15. f4 Bd7 16. a4 exf4 17. Rxf4 Be5 18. Rf3 Qg5 19. Kh2 f4 20. g4 Bxg4 21. hxg4 Nxg4+ 22. Kg1 Ne3 23. Rxe3 fxe3 24. Rf1 exd2 25. Ne2 Qe3+ 0-1

[Event "West Wales Open 2023"]
[Site "?"]
[Date "2023.11.10"]
[Round "1"]
[White "Musson, Adam"]
[Black "Dixon, Chris"]
[Result "1-0"]
[WhiteElo "1995"]
[BlackElo "1647"]
[PlyCount "69"]
[EventDate "2023.??.??"]
[SourceVersionDate "2023.12.03"]

1. e4 d6 2. d4 Nf6 3. Nc3 g6 4. Bf4 Bg7 5. Qd2 c6 6. O-O-O b5 7. f3 Qa5 8. Bh6 Bxh6 9. Qxh6 b4 10. Nb1 Ba6 11. a3 Bxf1 12. Rxf1 Qb5 13. Nh3 Nbd7 14. Qd2 a5 15. Nf4 Rb8 16. axb4 axb4 17. h4 h5 18. Re1 O-O 19. g4 e5 20. dxe5 dxe5 21. Nh3 Qc5 22. gxh5 b3 23. c3 Nxh5 24. Qxd7 Rfd8 25. Qg4 Qc4 26. Qg2 Rd3 27. Nf2 Nf4 28. Qf1 Rbd8 29. Na3 Rxc3+ 30. Kb1 Qxf1 31. Rhxf1 Rxf3 32. Nc4 Ng2 33. Rc1 Nxh4 34. Nxe5 Rd2 35. Nxf3 1-0

[Event "West Wales Open 2023"]
[Site "?"]
[Date "2023.11.10"]
[Round "1"]
[White "Howells, S Wyn"]
[Black "Pleasants, Allan"]
[Result "0-1"]
[WhiteElo "1635"]
[BlackElo "1987"]
[PlyCount "198"]
[EventDate "2023.??.??"]
[SourceVersionDate "2023.12.03"]

1. d4 g6 2. c4 Bg7 3. g3 Nf6 4. Bg2 d6 5. Nf3 O-O 6. O-O Nc6 7. Nc3 a6 8. Bg5 h6 9. Bxf6 Bxf6 10. a3 a5 11. Re1 Bg7 12. e4 Bg4 13. d5 Nd4 14. Qd3 Nb3 15. Ra2 Nc5 16. Qc2 a4 17. Nd2 Bd7 18. b4 axb3 19. Nxb3 Na4 20. Nxa4 Bxa4 21. Qb1 b6 22. Qd3 Bxb3 23. Qxb3 Ra5 24. Bf3 Qd7 25. a4 Kh7 26. Kg2 e5 27. g4 Bf6 28. Rh1 Bh4 29. Bd1 Qe7 30. Qf3 Kh8 31. Qe2 Qf6 32. Rf1 Bg5 33. Ra3 Bf4 34. Rh1 Qg7 35. h3 Raa8 36. f3 f5 37. Bc2 fxg4 38. hxg4 Rf7 39. Rh3 Bg5 40. Ra1 Qf6 41. Rah1 Qf4 42. R1h2 Raf8 43. Bd1 Rh7 44. Rh1 Rg8 45. Qf2 h5 46. Qg3 h4 47. Qxf4 exf4 48. Bc2 Kg7 49. Ra1 Bf6 50. Ra2 Ra8 51. Rh1 Bd4 52. Kh3 Kf6 53. Rd1 Ke5 54. Bb3 Ra5 55. Rdd2 Be3 56. Rd1 Rh8 57. Rd3 g5 58. Rd1 Rha8 59. Rd3 Rc5 60. Rd1 Rca5 61. Rd3 Bc5 62. Rd1 Bb4 63. Rd3 Kf6 64. Rd1 Bc3 65. Rd3 Be5 66. Rd1 Rc5 67. Rdd2 Ke7 68. Rdc2 Kd8 69. Rc1 Kc8 70. Bd1 b5 71. Bb3 b4 72. Rcc2 Kb7 73. Rc1 Kb6 74. Rd1 Rca5 75. Rd3 Kc5 76. Rd1 Kb6 77. Rd3 Rc5 78. Rd1 Ka5 79. Rd3 Rc8 80. Rd1 c6 81. Rd3 cxd5 82. Rxd5 Rxd5 83. exd5 Bd4 84. Re2 Bc3 85. Rc2 Kb6 86. Ra2 Ra8 87. Ra1 Kc5 88. Rd1 Re8 89. a5 Bd4 90. Rd2 Ra8 91. Ra2 Ra6 92. Kg2 Bf6 93. Bd1 Bd8 94. Bb3 Rxa5 95. Rd2 Bf6 96. Re2 Be5 97. Rd2 Ra3 98. Ba2 b3 99. Rd3 Rxa2+ 0-1

[Event "West Wales Open 2023"]
[Site "?"]
[Date "2023.11.10"]
[Round "1"]
[White "Garcia, Jason"]
[Black "Thomas, Roy"]
[Result "1-0"]
[WhiteElo "1972"]
[BlackElo "1633"]
[PlyCount "103"]
[EventDate "2023.??.??"]
[SourceVersionDate "2023.12.03"]

1. Nf3 f5 2. c4 Nf6 3. g3 e6 4. Bg2 Be7 5. O-O O-O 6. b3 d6 7. d4 a5 8. Bb2 Ne4 9. Nfd2 d5 10. f3 Nxd2 11. Nxd2 c6 12. e4 f4 13. Qe2 Na6 14. Rfe1 Nb4 15. Nf1 Rb8 16. a3 Na6 17. Bh3 Nc7 18. gxf4 Bh4 19. Ng3 Rxf4 20. Bc1 Rf8 21. Be3 Qf6 22. Rf1 Qg6 23. Qg2 Bd7 24. Rac1 Rbc8 25. Ne2 Qxg2+ 26. Kxg2 Be7 27. a4 Rcd8 28. c5 Bf6 29. Bd2 Ra8 30. e5 Bh4 31. f4 Na6 32. Bxa5 Bd8 33. Bd2 b6 34. b4 Rb8 35. Rb1 b5 36. a5 Bh4 37. Ng3 Rbe8 38. f5 exf5 39. Nxf5 Bd8 40. Nh6+ gxh6 41. Bxd7 Re7 42. Rxf8+ Kxf8 43. Bxh6+ Kf7 44. Bxc6 Kg6 45. Bd2 Rg7 46. Bxb5 Kf5+ 47. Kf3 Nc7 48. Bd3+ Ke6 49. b5 Rf7+ 50. Ke2 Bh4 51. Rf1 Rg7 52. b6 1-0

[Event "West Wales Open 2023"]
[Site "?"]
[Date "2023.11.10"]
[Round "1"]
[White "Di-Vetta, Andrew"]
[Black "Gibbons, Andrew"]
[Result "0-1"]
[WhiteElo "1632"]
[BlackElo "1921"]
[PlyCount "114"]
[EventDate "2023.??.??"]
[SourceVersionDate "2023.12.03"]

1. d4 Nf6 2. g3 e6 3. Nf3 b5 4. Bg2 Bb7 5. a4 b4 6. a5 c5 7. O-O a6 8. Ne5 Bxg2 9. Kxg2 Nc6 10. Nxc6 dxc6 11. dxc5 Bxc5 12. Qxd8+ Rxd8 13. Nd2 O-O 14. Nb3 Rd5 15. f3 Ba7 16. e4 Rd7 17. Bg5 h6 18. Bxf6 gxf6 19. Rfd1 Rfd8 20. Rxd7 Rxd7 21. Kf1 Kg7 22. Ke2 Kg6 23. Nd2 h5 24. h3 h4 25. g4 Kg5 26. Nf1 Kf4 27. Ra4 Rb7 28. Ra1 Bd4 29. Rd1 Bxb2 30. Rd6 Rc7 31. Rd8 c5 32. Rd6 Ra7 33. Rc6 Bd4 34. Rb6 Ke5 35. Rb8 Bc3 36. Rb6 b3 37. Rxb3 Bxa5 38. Ke3 c4 39. f4+ Kd6 40. Rb8 Kc7 41. Rh8 Bb6+ 42. Kd2 a5 43. Kc1 Bd4 44. Rh5 a4 45. Kb1 Kc6 46. Ka2 e5 47. fxe5 fxe5 48. Nd2 Kc5 49. Nf3 f6 50. g5 fxg5 51. Rxg5 Re7 52. Nxh4 Rb7 53. Rg8 Rb2+ 54. Ka3 Rxc2 55. Rc8+ Kb5 56. Rb8+ Kc6 57. Nf5 Bc5+ 0-1

[Event "West Wales Open 2023"]
[Site "?"]
[Date "2023.11.10"]
[Round "1"]
[White "May, Adam"]
[Black "Wesrcott, Dale"]
[Result "1/2-1/2"]
[WhiteElo "1895"]
[BlackElo "1595"]
[PlyCount "107"]
[EventDate "2023.??.??"]
[SourceVersionDate "2023.12.04"]

1. d4 d5 2. Nf3 Nf6 3. g3 c6 4. Bg2 Bf5 5. c4 dxc4 6. Nbd2 e6 7. Nxc4 Bb4+ 8. Bd2 Bxd2+ 9. Ncxd2 O-O 10. O-O Qb6 11. Nc4 Qb4 12. Rc1 Nbd7 13. Nfd2 Nb6 14. a3 Qb5 15. b4 Rfd8 16. Na5 Rxd4 17. Rc5 Qa4 18. Qc1 Nbd7 19. Rc3 Nd5 20. Bxd5 exd5 21. e3 Rd3 22. Nxb7 Rxc3 23. Qxc3 Qa6 24. Nd6 Bh3 25. Rc1 Qe2 26. Qxc6 Rf8 27. Qxd5 Nf6 28. Qd4 Ng4 29. N6e4 f5 30. Qc4+ Qxc4 31. Rxc4 fxe4 32. Nxe4 Ne5 33. Rc1 Nf3+ 34. Kh1 h6 35. a4 Rd8 36. b5 Rd3 37. a5 Rb3 38. b6 axb6 39. axb6 Rxb6 40. g4 Bxg4 41. Kg2 Ne5 42. Ng3 Rb2 43. h3 Bf3+ 44. Kg1 Nd3 45. Rf1 Be2 46. Nxe2 Rxe2 47. Kg2 Kf7 48. h4 Kf6 49. Kg3 Kf5 50. Rd1 Ke4 51. h5 Rxf2 52. Rxd3 Rf3+ 53. Kg4 Rxe3 54. Rd7 1/2-1/2

[Event "West Wales Open 2023"]
[Site "?"]
[Date "2023.11.11"]
[Round "2"]
[White "Harakis, Alexis"]
[Black "Garcia, Jason"]
[Result "1-0"]
[WhiteElo "2264"]
[BlackElo "1972"]
[PlyCount "88"]
[EventDate "2023.??.??"]
[SourceVersionDate "2023.12.05"]

1. d4 Nf6 2. c4 c5 3. d5 e6 4. Nc3 exd5 5. cxd5 d6 6. Nf3 g6 7. Bf4 a6 8. a4 Nh5 9. Bg5 Qc7 10. h3 Bg7 11. g4 Nf6 12. Qc2 O-O 13. e3 Nbd7 14. Be2 Rb8 15. Nd2 c4 16. a5 b5 17. axb6 Nxb6 18. e4 Re8 19. Ra2 Nfd7 20. Be3 Nc5 21. Nxc4 Nxc4 22. Bxc4 Bxc3+ 23. Qxc3 Nxe4 24. Qd4 Rb4 25. b3 Nc5 26. Rc2 f5 27. Kf1 Qb7 28. Qf6 Ne4 29. Qh4 Qf7 30. Rg1 f4 31. Bd2 Nxd2+ 32. Rxd2 a5 33. Ra2 Qc7 34. Kg2 a4 35. Ra3 axb3 36. Bxb3 Bb7 37. Kh2 Rd4 38. Qf6 Qc5 39. Ra5 Qb6 40. Ba4 Rd2 41. Rg2 Ree2 42. Bd7 Qxa5 43. Be6+ Rxe6 44. dxe6 Qa8 1-0

[Event "West Wales Open 2023"]
[Site "?"]
[Date "2023.11.11"]
[Round "2"]
[White "Pleasants, Allan"]
[Black "Binks, Michael"]
[Result "1-0"]
[WhiteElo "1987"]
[BlackElo "2081"]
[PlyCount "153"]
[EventDate "2023.??.??"]
[SourceVersionDate "2023.12.06"]

1. d4 d5 2. Nf3 Nf6 3. e3 Bf5 4. c4 c6 5. Nc3 e6 6. Be2 Bd6 7. Qb3 Qb6 8. c5 Qxb3 9. axb3 Bc7 10. b4 O-O 11. Bd2 Nbd7 12. Nh4 Bc2 13. f4 Ne4 14. Nf3 a6 15. O-O Ndf6 16. Rfc1 Nxc3 17. Bxc3 Be4 18. Be1 Ng4 19. Rc3 f6 20. Nd2 Nh6 21. Nxe4 dxe4 22. Bc4 Kf7 23. h3 Ke7 24. g4 Nf7 25. Bg3 g5 26. Kg2 h5 27. fxg5 Bxg3 28. gxf6+ Kxf6 29. Rf1+ Ke7 30. Kxg3 hxg4 31. hxg4 Rg8 32. Rc2 Rg7 33. Rf4 Rh8 34. Rh2 Rxh2 35. Kxh2 Rh7+ 36. Kg3 Ng5 37. Bf1 Rh1 38. Bg2 Rb1 39. Rf2 Re1 40. Kh4 Nf7 41. Bxe4 Rxe3 42. Rf4 Rb3 43. g5 Nxg5 44. Kxg5 Rxb4 45. Bg6 Kd8 46. Kf6 Rxb2 47. Kxe6 Kc7 48. Rf7+ Kb8 49. Ke5 a5 50. Rf3 Ra2 51. Bf7 Ra1 52. Rf2 Kc7 53. Bc4 Re1+ 54. Re2 Rh1 55. Ra2 Rh5+ 56. Ke4 b6 57. cxb6+ Kxb6 58. Kd3 Rh3+ 59. Kc2 Rh5 60. Kb3 Rh3+ 61. Kc2 Rh5 62. Kc3 Kc7 63. Re2 Rh3+ 64. Bd3 Kb6 65. Kc4 Rh5 66. Re5 Rh4 67. Re6 Kc7 68. Be4 Kd7 69. Bf5 Kc7 70. Kc5 Kb7 71. Rxc6 Rh5 72. Rf6 a4 73. Rf7+ Kb8 74. Kb4 Rh4 75. Rd7 Rf4 76. Rd5 Kc7 77. Bd7 1-0

[Event "West Wales Open 2023"]
[Site "?"]
[Date "2023.11.11"]
[Round "2"]
[White "Williams, Duncan"]
[Black "Musson, Adam"]
[Result "0-1"]
[WhiteElo "1831"]
[BlackElo "1995"]
[PlyCount "78"]
[EventDate "2023.??.??"]
[SourceVersionDate "2023.12.06"]

1. e4 c5 2. Nf3 d6 3. Bb5+ Nd7 4. c4 a6 5. Ba4 e5 6. Nc3 Ngf6 7. d3 h6 8. a3 Be7 9. Bd2 O-O 10. b4 Qc7 11. O-O Nb8 12. bxc5 dxc5 13. Nd5 Nxd5 14. exd5 Bg4 15. Re1 Bd6 16. Bc3 f6 17. h3 Bh5 18. g4 Bf7 19. Nh4 b5 20. Bb3 Nd7 21. Qe2 Rab8 22. Rab1 b4 23. Bb2 bxa3 24. Bxa3 Qa5 25. Bc1 e4 26. dxe4 Ne5 27. Bd2 Qa3 28. Qe3 Ng6 29. Nxg6 Bxg6 30. Bc2 Qa2 31. Bb3 Rxb3 32. Rxb3 Bf4 33. Qxf4 Qxb3 34. Rc1 Qxh3 35. Be3 Re8 36. f3 h5 37. Rc2 hxg4 38. fxg4 Rxe4 39. Qb8+ Re8 0-1

[Event "West Wales Open 2023"]
[Site "?"]
[Date "2023.11.11"]
[Round "2"]
[White "Kett, Tim"]
[Black "Hare, Roy"]
[Result "1-0"]
[WhiteElo "2110"]
[BlackElo "1651"]
[PlyCount "65"]
[EventDate "2023.??.??"]
[SourceVersionDate "2023.12.06"]

1. e4 c5 2. Nf3 d6 3. d4 cxd4 4. Nxd4 a6 5. Nc3 e6 6. Bc4 Qc7 7. Bb3 Nc6 8. Be3 h6 9. Qe2 Nf6 10. O-O-O Be7 11. g4 Nh7 12. f4 Bd7 13. h4 Nxd4 14. Bxd4 Bf6 15. g5 Bxd4 16. Rxd4 O-O-O 17. Rc4 Bc6 18. Nd5 Qa5 19. Nb4 Kd7 20. Nxc6 bxc6 21. Ra4 Qb5 22. Qxb5 axb5 23. Ra7+ Ke8 24. g6 fxg6 25. Bxe6 Rf8 26. f5 gxf5 27. Bxf5 Nf6 28. Bg6+ Rf7 29. Rxf7 Rd7 30. Rxf6+ Kd8 31. Rf8+ Kc7 32. Rhf1 Kb6 33. R1f7 1-0

[Event "West Wales Open 2023"]
[Site "?"]
[Date "2023.11.11"]
[Round "2"]
[White "Westcott, Dale"]
[Black "Young, Alan"]
[Result "1/2-1/2"]
[WhiteElo "1595"]
[BlackElo "2041"]
[PlyCount "64"]
[EventDate "2023.??.??"]
[SourceVersionDate "2023.12.06"]

1. Nf3 d5 2. g3 Nf6 3. Bg2 c6 4. O-O Bg4 5. h3 Bh5 6. c4 e6 7. d4 Nbd7 8. cxd5 exd5 9. Ne5 Bg6 10. f4 Be4 11. Nc3 Bxg2 12. Kxg2 Bd6 13. Qb3 Qb6 14. Nxd7 Nxd7 15. Qxb6 Nxb6 16. e4 dxe4 17. Nxe4 O-O-O 18. Ng5 Rd7 19. b3 Re8 20. Nf3 f6 21. Bb2 Nd5 22. Rfe1 Rde7 23. Rxe7 Rxe7 24. Re1 Nb4 25. Rxe7 Bxe7 26. Ba3 Kd7 27. Bxb4 Bxb4 28. Kf2 Kd6 29. Ke3 Kd5 30. Kd3 Be7 31. Nh4 Bf8 32. Nf5 g6 1/2-1/2

[Event "West Wales Open 2023"]
[Site "?"]
[Date "2023.11.11"]
[Round "2"]
[White "Jukes, Sam"]
[Black "Hariharan, Shambiva"]
[Result "1-0"]
[WhiteElo "1884"]
[BlackElo "1604"]
[PlyCount "89"]
[EventDate "2023.??.??"]
[SourceVersionDate "2023.12.07"]

1. e4 c6 2. d4 d5 3. Nc3 dxe4 4. Nxe4 Nf6 5. Nxf6+ exf6 6. c3 Bd6 7. Bd3 O-O 8. Qc2 Re8+ 9. Ne2 h5 10. Be3 Be6 11. O-O h4 12. Nf4 Bd7 13. h3 Qc7 14. Nh5 Qc8 15. Rae1 Na6 16. Bh6 Rxe1 17. Bh7+ Kf8 18. Bxg7+ Ke8 19. Rxe1+ Kd8 20. Nxf6 Kc7 21. Nxd7 Qxd7 22. Bf6 Re8 23. Rxe8 Qxe8 24. Qe4 Qf8 25. Qxh4 Qe8 26. Qe4 Qf8 27. Be5 Nb8 28. Bxd6+ Qxd6 29. Qe5 Nd7 30. Qxd6+ Kxd6 31. Bf5 Nf6 32. g4 Nd5 33. h4 Nf4 34. h5 Ke7 35. h6 Kf8 36. h7 Kg7 37. Kh2 Ne2 38. Kg2 Nc1 39. Bb1 Ne2 40. Kf3 Ng1+ 41. Ke3 Nh3 42. f4 f6 43. Bd3 b5 44. Kf3 Ng1+ 45. Kg2 1-0

[Event "West Wales Open 2023"]
[Site "?"]
[Date "2023.11.11"]
[Round "2"]
[White "Turner, Joseph David"]
[Black "Mcghee, David"]
[Result "1-0"]
[WhiteElo "1844"]
[BlackElo "1524"]
[PlyCount "69"]
[EventDate "2023.??.??"]
[SourceVersionDate "2023.12.13"]

1. e4 c5 2. Nf3 d6 3. b4 cxb4 4. d4 Nf6 5. Nbd2 e6 6. Bd3 Nc6 7. O-O Qc7 8. Re1 Nxd4 9. Nxd4 Qc3 10. N2b3 Qc7 11. Bb2 Bd7 12. e5 dxe5 13. Nb5 Qb6 14. Rxe5 a6 15. N5d4 Be7 16. Qe2 Nd5 17. Qf3 O-O-O 18. c4 bxc3 19. Rc1 Kb8 20. Bxc3 Rc8 21. Bd2 Rxc1+ 22. Bxc1 Rc8 23. Bd2 Bf6 24. Rxd5 exd5 25. Qxd5 Rd8 26. Ba5 Be6 27. Qxd8+ Bxd8 28. Bxb6 Bxb6 29. Nxe6 fxe6 30. Bxh7 Kc7 31. Be4 Ba7 32. Kf1 b5 33. Ke2 Bb6 34. f4 Kd6 35. Kd3 1-0

[Event "West Wales Open 2023"]
[Site "?"]
[Date "2023.11.11"]
[Round "2"]
[White "Jones, Steve"]
[Black "Di-Vetta, Andrew"]
[Result "1/2-1/2"]
[WhiteElo "1673"]
[BlackElo "1632"]
[PlyCount "63"]
[EventDate "2023.??.??"]
[SourceVersionDate "2023.12.13"]

1. d4 Nf6 2. Nc3 e6 3. Bf4 Bb4 4. f3 d5 5. e3 c6 6. Bd3 Qa5 7. Nge2 Nh5 8. O-O Nxf4 9. exf4 Bd6 10. Re1 O-O 11. a3 Qc7 12. Qd2 b6 13. b4 a6 14. Nd1 Nd7 15. Rc1 b5 16. Nf2 Nb6 17. g3 f6 18. c3 Ra7 19. Qc2 g6 20. Kg2 Qg7 21. Ng4 Nc4 22. a4 h5 23. Bxc4 hxg4 24. Bd3 gxf3+ 25. Kxf3 f5 26. h4 Rff7 27. a5 Qh6 28. Ng1 Rh7 29. Nh3 Be7 30. Ng5 Bxg5 31. fxg5 Qf8 32. Re5 1/2-1/2

[Event "West Wales Open 2023"]
[Site "?"]
[Date "2023.11.11"]
[Round "2"]
[White "Thomas, Roy"]
[Black "Sipho, Donovan"]
[Result "1-0"]
[WhiteElo "1633"]
[BlackElo "1672"]
[PlyCount "129"]
[EventDate "2023.??.??"]
[SourceVersionDate "2023.12.13"]

1. f4 c5 2. Nf3 d5 3. e3 Nc6 4. Be2 Nf6 5. d3 Qc7 6. O-O e5 7. Nc3 e4 8. dxe4 dxe4 9. Ng5 Qe7 10. Bc4 Nd8 11. Nd5 Nxd5 12. Qxd5 f5 13. Rd1 a6 14. Qxd8+ Qxd8 15. Rxd8+ Kxd8 16. Nf7+ Ke7 17. Nxh8 Be6 18. Be2 g6 19. Bd2 Bg7 20. Nxg6+ hxg6 21. Ba5 b5 22. c3 Rb8 23. Rd1 Bxa2 24. h3 Bb3 25. Rd2 Be6 26. g4 Rh8 27. Kg2 Rb8 28. g5 Rc8 29. Kg3 Bd7 30. h4 Rc6 31. h5 gxh5 32. Bxh5 Rc8 33. Bb6 Rc6 34. Ba5 Rc8 35. Bg6 Rc6 36. Bh7 Be6 37. Bd8+ Kf7 38. g6+ Ke8 39. Bg5 Bd7 40. Kh4 b4 41. c4 a5 42. Kh5 Rc7 43. Bg8 a4 44. Be6 a3 45. bxa3 bxa3 46. Bxf5 Bb2 47. Rxb2 Bxf5 48. Rb8+ Kd7 49. Ra8 Be6 50. Rxa3 Bxc4 51. f5 Rc8 52. Ra7+ Ke8 53. Re7+ Kf8 54. Kh6 Kg8 55. f6 Rf8 56. Rxe4 Bb3 57. f7+ Bxf7 58. gxf7+ Kxf7 59. Rf4+ Kg8 60. Rxf8+ Kxf8 61. Kg6 Ke8 62. Kf5 Kd7 63. e4 c4 64. Bd2 Ke7 65. Ke5 1-0

[Event "West Wales Open 2023"]
[Site "?"]
[Date "2023.11.11"]
[Round "2"]
[White "Dixon, Chris"]
[Black "Archibald, Mckenzie"]
[Result "1-0"]
[WhiteElo "1647"]
[BlackElo "1375"]
[PlyCount "53"]
[EventDate "2023.??.??"]
[SourceVersionDate "2023.12.14"]

1. e4 c6 2. d4 d5 3. exd5 cxd5 4. Bd3 Nc6 5. c3 Nf6 6. Bf4 Bg4 7. Qb3 Qc8 8. Nd2 e6 9. Ngf3 Be7 10. O-O Nh5 11. Be3 O-O 12. h3 Bxf3 13. Nxf3 a6 14. Qc2 Nf6 15. Bf4 b5 16. Rfe1 b4 17. Ne5 bxc3 18. bxc3 h6 19. Qd2 a5 20. Bxh6 gxh6 21. Qxh6 Ne4 22. Bxe4 dxe4 23. Rxe4 Nxe5 24. Rxe5 Rd8 25. Rh5 f5 26. Qg6+ Kf8 27. Rh8# 1-0

[Event "West Wales Open 2023"]
[Site "?"]
[Date "2023.11.11"]
[Round "2"]
[White "Golley, Andrew"]
[Black "Howells, S Wyn"]
[Result "0-1"]
[WhiteElo "1428"]
[BlackElo "1635"]
[PlyCount "98"]
[EventDate "2023.??.??"]
[SourceVersionDate "2023.12.14"]

1. Nf3 c5 2. d3 g6 3. Nbd2 Bg7 4. e4 Nc6 5. c3 d6 6. g3 Bg4 7. h3 Bxf3 8. Nxf3 Nf6 9. Bg2 O-O 10. O-O Nd7 11. d4 cxd4 12. cxd4 d5 13. e5 e6 14. Re1 Qb6 15. Re2 Rae8 16. Be3 Qc7 17. Rc1 Qb8 18. Bf4 Rc8 19. a3 Ne7 20. Rec2 Rc6 21. Bf1 a6 22. b4 Rxc2 23. Rxc2 b5 24. a4 bxa4 25. Bxa6 Nb6 26. Rc5 Qd8 27. Bb5 a3 28. Qb3 Qa8 29. Rc2 Rc8 30. Ra2 Nc4 31. Nd2 Nxd2 32. Bxd2 Qb7 33. Bd3 f6 34. f4 Nf5 35. Bxf5 gxf5 36. Qxa3 fxe5 37. dxe5 Bf8 38. Qb3 Rb8 39. Rb2 Qb6+ 40. Kg2 Bc5 41. Qc3 Bd4 42. Qb3 Bxb2 43. Qxb2 Qb5 44. Kf2 Rc8 45. g4 Qb6+ 46. Be3 Qc6 47. Bc5 fxg4 48. hxg4 Rb8 49. f5 Qxc5+ 0-1

[Event "West Wales Open 2023"]
[Site "?"]
[Date "2023.11.11"]
[Round "3"]
[White "Musson, Adam"]
[Black "Harakis, Alexis"]
[Result "0-1"]
[WhiteElo "1995"]
[BlackElo "2264"]
[PlyCount "78"]
[EventDate "2023.??.??"]
[SourceVersionDate "2023.12.19"]

1. e4 e6 2. d4 d5 3. Bd3 dxe4 4. Bxe4 Nf6 5. Bf3 Bd6 6. Ne2 Nbd7 7. O-O e5 8. Nbc3 O-O 9. Bg5 h6 10. Be3 Re8 11. g3 a6 12. Qd2 e4 13. Bg2 Nb6 14. b3 Bf5 15. Nd1 Qe7 16. c4 Rad8 17. c5 Bxc5 18. Qa5 Bb4 19. Qxf5 Rd5 20. Bxe4 Rxf5 21. Bxf5 Nbd5 22. Nf4 Nxf4 23. Bxf4 Nd5 24. Bc1 Qf6 25. Bd7 Re7 26. Bc8 Qxd4 27. Bb2 Qb6 28. Rc1 Re2 29. Rc4 Bc5 30. Bg4 Rd2 31. Bf3 Nb4 32. Re4 f6 33. a3 Nd3 34. Bc3 Nxf2 35. Re8+ Kf7 36. Bh5+ g6 37. Bxd2 Nxd1+ 38. Kg2 gxh5 39. Rd8 Qc6+ 0-1

[Event "West Wales Open 2023"]
[Site "?"]
[Date "2023.11.11"]
[Round "3"]
[White "Wells, Daniel"]
[Black "Pleasants, Allan"]
[Result "1-0"]
[WhiteElo "1997"]
[BlackElo "1987"]
[PlyCount "49"]
[EventDate "2023.??.??"]
[SourceVersionDate "2023.12.19"]

1. e4 g6 2. d4 Bg7 3. Nc3 d6 4. f4 Nf6 5. Nf3 O-O 6. Bd3 c5 7. dxc5 dxc5 8. e5 Nd5 9. Nxd5 Qxd5 10. Qe2 Qd8 11. O-O Nc6 12. Be3 Qc7 13. Ng5 b6 14. Qf2 c4 15. Bxc4 Nxe5 16. Qh4 h6 17. fxe5 hxg5 18. Bxg5 Bf5 19. Bxe7 Rfe8 20. Bd6 Qc6 21. Rae1 Rad8 22. Bb3 Rd7 23. Qf4 Bf8 24. Bxf8 Kxf8 25. Qh6+ 1-0